|
|
|
|
| LEADER |
01193nam a2200313 a 4500 |
| 001 |
000601882 |
| 003 |
CZ BrMZK |
| 005 |
20190403120849.0 |
| 008 |
020522s1938 xr e d cze d |
| 040 |
|
|
|a BOA001
|b cze
|c BOA001
|
| 041 |
0 |
|
|a cze
|a lat
|
| 072 |
|
7 |
|a 81
|x Lingvistika. Jazyky
|2 Konspekt
|9 11
|
| 080 |
|
|
|a 811.124
|2 MRF
|
| 080 |
|
|
|a 811.162.3
|2 MRF
|
| 080 |
|
|
|a 81'374.8-022.215
|2 MRF
|
| 080 |
|
|
|a (038)81
|2 MRF
|
| 100 |
1 |
|
|a Pražák, Josef Miroslav,
|d 1860-1938
|7 jk01100962
|4 com
|
| 245 |
1 |
0 |
|a Latinsko-český slovník k potřebě gymnasií a reálných gymnasií /
|c sest. Josef M. Pražák, Frant. Novotný, Josef Sedláček
|
| 250 |
|
|
|a 11., nezm. vyd.
|
| 260 |
|
|
|a Praha :
|b Československá grafická Unie,
|c 1938
|
| 300 |
|
|
|a 1348 s.
|
| 650 |
0 |
7 |
|a latina
|7 ph122187
|2 czenas
|
| 650 |
0 |
7 |
|a čeština
|7 ph135292
|2 czenas
|
| 655 |
|
7 |
|a dvojjazyčné překladové slovníky
|7 fd208746
|2 czenas
|
| 700 |
1 |
|
|a Sedláček, Josef,
|d 1866-1923
|7 jk01110503
|4 com
|
| 700 |
1 |
|
|a Novotný, František,
|d 1881-1964
|7 jk01090667
|4 com
|
| 910 |
|
|
|a BOA001
|b PK-II-0012.368-38
|
| 990 |
|
|
|a BK
|
| 996 |
7 |
|
|b 3119679261
|c PK-II-0012.368-38
|l MZK
|r Sklad / do 1 hodiny
|n 5
|w 000601882
|u 000010
|a 1
|e BOA001
|j MZK50
|s A
|